| 000 | 01351cam a22002054a 4500 | ||
|---|---|---|---|
| 005 | 20250605164126.0 | ||
| 008 | 250528s ||||||||||||||||||||||||d | ||
| 035 | _a18467 | ||
| 020 | _a9600214743 | ||
| 040 |
_aGR-AtMCL _bgre _dGR-AtMCL _eAACR2 |
||
| 245 | 1 | _aΔιαχείριση Τεχνολογίας και Venture Capital | |
| 260 |
_bΠαπαζήση, _c2001 |
||
| 300 | _a314 | ||
| 520 | _aΠρόλογος, Διαχείριση Τεχνολογίας και Έννοια και Διαστάσεις και Οργανωτικές Μορφές, Έννοια και Διαστάσεις της Διαχείρισης Τεχνολογίας, Βασικές Μορφές Οργάνωσης ως Παράμετροι Προσδιορισμού της Τεχνολογικής Διαχείρισης, Χρηματοδότηση της Καινοτομίας, Επιχειρηματικό Κεφάλαιο Υψηλού Κινδύνου, Προϋποθέσεις και Μορφές Λειτουργίας του ΕΚΥΚ, Η Περίπτωση της Ελλάδας, Γενικά Χαρακτηριστικά της Ελληνικής Πραγματικότητας, Βιβλιογραφία. | ||
| 700 | 1 | _aΞανθάκης Μανώλης | |
| 700 | 1 |
_aΤσίπουρα Έλενα _94726 |
|
| 942 | _cBK | ||
| 999 |
_c3828 _d3828 |
||